ბათუმის შოთა რუსთაველის სახელმწიფო უნივერსიტეტის ბიბლიოთეკა

თხზულებანი თორმეტ ტომად = Сочинения в двенадцати томах : ტომი I : (ბიბ.ჩანაწერი № 52652)

000 -ლიდერი
ფიქსირებული სიგრძის საკონტროლო ველი 01172nam a2200241Ia 4500
001 - საკონტროლო ნომერი
საკონტროლო ველი 19676
003 - საკონტროლო ნომრის იდენტიფიკატორი
საკონტროლო ველი GE_BSU
005 - ბოლო ოპერაციის თარიღი და დრო
საკონტროლო ველი 20200321202100.0
008 - ფიქსირებული სიგრძის მონაცემთა ელემენტები - ზოგადი ინფორმაცია
ფიქსირებული სიგრძის საკონტროლო ველი 181216s1984||||ge |||||||||||||| ||geo||
040 ## - კატალოგიზაციის წყარო
Transcribing agency GE_BSU
041 ## - ენის კოდი
Language code of text/sound track or separate title geo
080 ## - უნივერსალური ათობითი კლასიფიკაციის ინდექსი
Universal Decimal Classification number 811.353.1'282 შ-21
100 ## - მთავარი ჩანაწერი - პიროვნების სახელი
Personal name შანიძე, აკაკი
9 (RLIN) 5491
245 ## - ცნობა სათაურის შესახებ
Title თხზულებანი თორმეტ ტომად = Сочинения в двенадцати томах : ტომი I :
Remainder of title ქართული კოლოები მთაში /
Statement of responsibility, etc აკაკი შანიძე ; რედ. შოთა ძიძიგური.
264 ## - წარმოების, გამოცემის, დისტრიბუციის და სხვა ცნობები
გამოცემის, წარმოების, დისტრიბუციის... ადგილი თბილისი :
გამოცემის, წარმოების, დისტრიბუციის... სახელწოდება მეცნიერება,
გამოცემის, წარმოების, დისტრიბუციის... თარიღი 1984.
300 ## - ფიზიკური აღწერა
Extent 381გვ. :
Other physical details პორტრ. ილ. ;
Dimensions 22 სმ.
500 ## - ზოგადი შენიშვნა
General note საძიებლები : გვ. 325-332
520 ## - SUMMARY, ETC.
Summary, etc პარალელური ტექსტი რუსულ ენაზე
653 ## - INDEX TERM--UNCONTROLLED
Uncontrolled term ქართული ენა
653 ## - INDEX TERM--UNCONTROLLED
Uncontrolled term ქართული კოლოები მთაში
700 ## - ADDED ENTRY--PERSONAL NAME
Personal name ძიძიგური, შოთა
Relator term რედაქტორი
9 (RLIN) 7774
942 ## - ADDED ENTRY ELEMENTS (KOHA)
Koha item type წიგნი
Source of classification or shelving scheme
ეგზემპლარები
ჩამოწერის სტატუსი დაკარგული ეგზემპლარის სტატუსი კლასიფიკაციის წყარო ან თაროზე გაწყობის სქემა დაზიანების სტატუსი არ გაიცემა მუდმივი მდებარეობა (დაცვის ადგილი) ამჟამინდელი ადგილსამყოფელი თაროზე განთავსების ადგილი შეძენის თარიღი ღირებულება, შესყიდვის ნორმალური ფასი სრული შენახვის შიფრი შტრიხკოდი ბოლო ოპერაციის თარიღი ეგზემპლარის მიმდევრობითი ნომერი (კეტერი?) ფასის ძალაში შესვლის თარიღი ეგზემპლარის სახეობა საჯარო შენიშვნა
          ბათუმის შოთა რუსთაველის სახელმწიფო უნივერსიტეტის მთავარი ბიბლიოთეკა ბათუმის შოთა რუსთაველის სახელმწიფო უნივერსიტეტის მთავარი ბიბლიოთეკა წიგნსაცავი 2018-12-17 5.00 811.353.1'282 შ-21 51894 2018-12-17 51894 2018-12-17 წიგნი 5.00 ლ
          ბათუმის შოთა რუსთაველის სახელმწიფო უნივერსიტეტის მთავარი ბიბლიოთეკა ბათუმის შოთა რუსთაველის სახელმწიფო უნივერსიტეტის მთავარი ბიბლიოთეკა   2018-12-17 5.00 811.353.1'282 შ-21 51895 2018-12-17 51895 2018-12-17 წიგნი 5.00 ლ
          ბათუმის შოთა რუსთაველის სახელმწიფო უნივერსიტეტის მთავარი ბიბლიოთეკა ბათუმის შოთა რუსთაველის სახელმწიფო უნივერსიტეტის მთავარი ბიბლიოთეკა წიგნსაცავი 2018-12-17 5.00 811.353.1'282 შ-21 51896 2018-12-17 51896 2018-12-17 წიგნი 5.00 ლ
          ბათუმის შოთა რუსთაველის სახელმწიფო უნივერსიტეტის მთავარი ბიბლიოთეკა ბათუმის შოთა რუსთაველის სახელმწიფო უნივერსიტეტის მთავარი ბიბლიოთეკა წიგნსაცავი 2018-12-17 10.00 811.353.1'282 შ-21 51897 2018-12-17 51897 2018-12-17 წიგნი 10.00 ლ
          ბათუმის შოთა რუსთაველის სახელმწიფო უნივერსიტეტის მთავარი ბიბლიოთეკა ბათუმის შოთა რუსთაველის სახელმწიფო უნივერსიტეტის მთავარი ბიბლიოთეკა წიგნსაცავი 2018-12-17 15.00 811.353.1'282 შ-21 51898 2018-12-17 51898 2018-12-17 წიგნი 15.00 ლ.
          ბათუმის შოთა რუსთაველის სახელმწიფო უნივერსიტეტის მთავარი ბიბლიოთეკა ბათუმის შოთა რუსთაველის სახელმწიფო უნივერსიტეტის მთავარი ბიბლიოთეკა წიგნსაცავი 2024-03-06 10.00 811.353.1'282 შ-21 67661 2024-03-06 67661 2024-03-06 წიგნი 10.00